000 00436cam a2200181 4500
001 D8957
008 090401t1965 xxu||||| |||| 00| 0 eng d
035 _a(Sirsi) u16405
041 _aeng
050 _a336.21026
100 _aSpray, F.
245 _aDigest of rating valuation case law
260 _aLondon
_bRating & Valuation Association
_c1965
300 _axx. 722p. 22cm
350 _a0
942 _n0
948 _c04/03/1997
999 _c87422
_d87422